| 000 | 00372pab a2200157 454500 | ||
|---|---|---|---|
| 008 | 180718b2000 xxu||||| |||| 00| 0 eng d | ||
| 100 | _aSharma, S.C. | ||
| 245 | _aDo we really care for our wildlife? | ||
| 260 | _c2000 | ||
| 300 | _ap.16 | ||
| 362 | _a15 Oct | ||
| 650 | _aWild animals - India | ||
| 650 | _aWild animals | ||
| 773 | _aTimes of India | ||
| 909 | _a48067 | ||
| 999 |
_c48067 _d48067 |
||